Music Quiz

Random Music Quiz

Guess The Glee Lyrics Quiz Stats

 Plays Quiz not verified by Sporcle

Challenge
Share
Tweet
Embed
Score 0/271 Timer 10:00
0 Plays Today
Hint Answer % Correct
a
86.5%
and
86.5%
the
86.5%
a
86.5%
and
86.5%
and
86.5%
the
86.5%
a
86.5%
and
86.5%
And
86.5%
the
86.5%
the
86.5%
the
86.5%
a
86.5%
and
86.5%
and
86.5%
the
86.5%
a
86.5%
and
86.5%
you
82.4%
you
82.4%
you
82.4%
you
82.4%
you
82.4%
me
68.9%
me
68.9%
me
68.9%
me
68.9%
me
68.9%
me
68.9%
me
68.9%
I
64.2%
I
64.2%
I
64.2%
I
64.2%
I
64.2%
I
64.2%
I
64.2%
I
64.2%
I
64.2%
to
63.5%
to
63.5%
to
63.5%
to
63.5%
an
62.8%
it
60.8%
it
60.8%
It
60.8%
It
60.8%
your
59.5%
your
59.5%
your
59.5%
your
59.5%
your
59.5%
is
58.8%
is
58.8%
be
57.4%
be
57.4%
be
57.4%
be
57.4%
in
57.4%
my
56.8%
my
56.8%
my
56.8%
my
56.8%
my
56.8%
my
56.8%
my
56.8%
my
56.8%
love
56.1%
love
56.1%
love
56.1%
love
56.1%
I'm
54.7%
can
54.1%
can
54.1%
you're
50%
you're
50%
what
47.3%
what
47.3%
that
41.9%
that
41.9%
too
41.9%
too
41.9%
that
41.9%
that
41.9%
that
41.9%
her
41.2%
her
41.2%
her
41.2%
her
41.2%
Hint Answer % Correct
this
40.5%
when
40.5%
when
40.5%
this
40.5%
when
40.5%
when
40.5%
when
40.5%
when
40.5%
when
40.5%
when
40.5%
all
39.9%
all
39.9%
all
39.9%
all
39.9%
all
39.9%
she
39.2%
she
39.2%
she
39.2%
was
37.8%
oh
37.8%
was
37.8%
oh!
37.8%
oh
37.8%
was
37.8%
was
37.8%
baby
36.5%
baby
36.5%
could
35.1%
could
35.1%
could
35.1%
could
35.1%
could
35.1%
won't
34.5%
see
34.5%
way
33.8%
got
33.8%
way
33.8%
Hey
32.4%
hey
32.4%
time
32.4%
hey
32.4%
hey
32.4%
hey
32.4%
say
31.8%
with
31.8%
with
31.8%
say
31.8%
with
31.8%
with
31.8%
hear
31.1%
hear
31.1%
I'd
31.1%
hear
31.1%
then
30.4%
then
30.4%
then
30.4%
take
29.7%
take
29.7%
take
29.7%
out
28.4%
make
28.4%
look
27%
yeah
26.4%
yeah
26.4%
giving
23.6%
Never
23.6%
giving
23.6%
made
22.3%
much
22.3%
talk
22.3%
much
22.3%
made
22.3%
live
22.3%
day
22.3%
made
22.3%
started
21.6%
kissed
21.6%
hurt
21.6%
always
21.6%
started
21.6%
kissed
21.6%
hurt
21.6%
always
21.6%
started
21.6%
kissed
21.6%
hurt
21.6%
always
21.6%
started
21.6%
kissed
21.6%
new
20.9%
everybody
20.9%
Hint Answer % Correct
talks
20.9%
everybody
20.9%
talks
20.9%
everybody
20.9%
talks
20.9%
everybody
20.9%
talks
20.9%
new
20.9%
everybody
20.9%
talks
20.9%
everybody
20.9%
talks
20.9%
everybody
20.9%
talks
20.9%
everybody
20.9%
talks
20.9%
everybody
20.9%
talks
20.9%
everybody
20.9%
talks
20.9%
everybody
20.9%
talks
20.9%
everybody
20.9%
talks
20.9%
everybody
20.9%
talks
20.9%
everybody
20.9%
talks
20.9%
everybody
20.9%
talks
20.9%
everybody
20.9%
talks
20.9%
everybody
20.9%
talks
20.9%
gotta
20.3%
whisper
20.3%
gotta
20.3%
whisper
20.3%
gotta
20.3%
gotta
20.3%
whisper
20.3%
gotta
20.3%
whisper
20.3%
addiction
19.6%
found
19.6%
lips
19.6%
shack
19.6%
lips
19.6%
shack
19.6%
show
19.6%
lips
19.6%
shack
19.6%
sorry
18.2%
back
18.2%
back
18.2%
back
18.2%
back
18.2%
back
18.2%
sucker
17.6%
friction
17.6%
chit
16.9%
chat
16.9%
chit
16.9%
chat
16.9%
chit
16.9%
chat
16.9%
fiction
16.2%
happens
16.2%
mama's
15.5%
mama's
15.5%
thought
15.5%
words
15.5%
mama's
15.5%
honey
14.9%
prescription
14.9%
overdose
14.9%
everybody's
14.2%
sugar
14.2%
sugar
14.2%
drug
13.5%
backtrack
12.8%
trash
12.8%
backtrack
12.8%
backtrack
12.8%
dear
12.2%
woah
8.8%
Uh!
7.4%
oooh
4.7%
ichin'
4.1%

You're not logged in!

Compare scores with friends on all Sporcle quizzes.
Join for Free
OR
Log In

You Might Also Like...

Show Comments

Extras

Created Nov 19, 2013ReportNominate
Tags:glee

Top Quizzes Today


Score Distribution

Your Account Isn't Verified!

In order to create a playlist on Sporcle, you need to verify the email address you used during registration. Go to your Sporcle Settings to finish the process.

Report this User

Report this user for behavior that violates our Community Guidelines.

Details: